[Event "22nd OIBM 2018"]
[Site "Gmund am Tegernsee"]
[Date "2018.10.30"]
[Round "4"]
[White "Groetzbach, Julian"]
[Black "Roemhild, Marcus"]
[Result "1/2-1/2"]
[WhiteElo "2247"]
[BlackElo "2107"]
[Annotator "TA"]
[PlyCount "89"]
[EventDate "2018.10.27"]
[EventType "swiss"]
[EventCountry "GER"]
[SourceTitle "playchess.com"]
[Source "ChessBase"]
[SourceQuality "1"]

{[%evp 12,89,14,16,22,34,71,63,91,65,148,148,140,147,172,175,160,129,156,120,139,4,107,108,118,105,173,128,233,157,154,135,139,134,128,127,254,129,258,58,348,249,206,-5,-7,-76,-66,-70,-28,-27,0,0,0,0,21,0,11,0,0,0,0,0,0,0,72,66,107,-31,0,0,0,0,0,0,0,0,51,47,62,60]} 1. e4 {[%cal Be2e4,Be4e5][%mdl 32]} c5 2. Nf3 g6 3. d4 cxd4 4. Qxd4 Nf6 5. e5 Nc6 6. Qa4 Nd5 7. Qe4 {LiveBook: 268 Games} e6 {B27: Sicilian: 2 Nf3, unusual Black 2nd moves} (7... Nb6 8. Nc3 Bg7 9. Bf4 d5 10. exd6 Bf5 11. dxe7 Qd7 12. Qe3 Nb4 13. Rc1 Nxc2+ 14. Rxc2 Bxc2 15. Bb5 Bxc3+ 16. Qxc3 Qxb5 17. Qxh8+ Kxe7 {½-½ (22) Ortiz Suarez,I (2548)-Guseinov,G (2654) Barbera del Valles 2018}) 8. Bc4 f5 9. Qe2 Bg7 $146 ({Predecessor:} 9... Nb6 10. Bb3 Bg7 11. Nc3 a6 12. a4 Na5 13. Ba2 Qc7 14. O-O O-O 15. Bf4 {1-0 (47) Zacurdajev,D (2249)-Lychik,R (2059) St Petersburg 2005}) 10. O-O Nb6 (10... O-O $14) 11. Bb3 $1 $16 O-O 12. Nc3 a6 13. a4 Rb8 14. Be3 Re8 15. Bc5 Bf8 16. Qe3 ({White should play} 16. Bd6 $16) 16... Bxc5 (16... f4 $1 $11 {remains equal.} 17. Bxb6 fxe3 18. Bxd8 exf2+ 19. Rxf2 Rxd8) 17. Qxc5 Na8 18. Rfd1 Qc7 (18... Qb6 $16 19. Qxb6 Nxb6) 19. Rd6 Nd8 (19... Qb6 $16 {was necessary.} 20. Qxb6 Nxb6) 20. Qe3 Nf7 21. Rd4 b6 22. Rad1 Qc5 23. Qf4 b5 (23... Qe7 $16 24. h3 Nc7) 24. axb5 (24. Nd5 $1 $18 {[%cal Rd5f6]} exd5 25. e6 dxe6 26. Qxb8) 24... axb5 (24... Nb6 $16 {might work better.}) 25. g4 $2 (25. Nd5 $1 $18 {[%cal Rd5f6]} exd5 26. e6 dxe6 27. Qxb8) 25... Kh8 $2 {[%mdl 8192]} (25... Nb6 $1 $14) 26. gxf5 gxf5 {[#]} 27. Qh4 $2 ({Only move:} 27. Ne4 $1 $18 {[%cal Re4c5]} Rg8+ 28. Kf1 fxe4 29. Qf6+ Rg7 {[#]} 30. Bxe6 $1 {[%mdl 512]}) 27... Qe7 $1 $11 28. Qh5 (28. Qxe7 $11 Rxe7 29. R1d3) 28... Rg8+ $17 29. Kf1 Rg6 {...Rh6 is the strong threat.} 30. Qh4 $1 {[%cal Rh4e7]} ({Not} 30. Rh4 $2 Rh6 $17) 30... Qxh4 (30... Qe8 {keeps more tension.} 31. R4d3 Bb7 32. Re3 Nc7 33. Ne2 b4) 31. Nxh4 $40 {[%mdl 128] Black needs to defend precisely.} Rg7 32. f4 Nc7 {[%cal Ba8c7,Bc7a6,Ba6c5][%mdl 32]} 33. Ne2 {[%cal Bc3e2,Be2g3,Bg3h5,Bh5f6][%mdl 32]} Na6 34. Ng3 Nc5 35. Nh5 Rg4 36. Nf3 Bb7 37. Kf2 $1 Bc6 (37... Bxf3 $11 38. Kxf3 Rh4) 38. Nf6 $16 Rg6 39. Ke3 (39. Nxd7 $16 Nxd7 40. Rxd7 Bxd7 41. Rxd7) 39... Nh6 40. Ng5 {[%cal Rf6d7]} Ng4+ 41. Nxg4 fxg4 42. Ba2 Rf8 {Hoping for ...h6.} 43. b4 Na4 (43... h6 $11) 44. Rxd7 Bxd7 45. Rxd7 {Precision: White = 45%, Black = 27%.} 1/2-1/2

[Event "22nd OIBM 2018"]
[Site "Gmund am Tegernsee"]
[Date "2018.10.30"]
[Round "4"]
[White "Zeier, Klaus"]
[Black "Semprun Martinez, Fernando"]
[Result "1-0"]
[WhiteElo "2228"]
[BlackElo "2102"]
[Annotator "NA"]
[PlyCount "69"]
[EventDate "2018.10.27"]
[EventType "swiss"]
[EventCountry "GER"]
[SourceTitle "playchess.com"]
[Source "ChessBase"]
[SourceQuality "1"]
[TimeControl "40/5400+30:1800+30"]

1. e4 {[%emt 0:00:00]} e5 {[%emt 0:00:00]} 2. Nf3 {[%emt 0:00:00]} Nc6 {[%emt 0:00:00]} 3. Bb5 {[%emt 0:00:00]} a6 {[%emt 0:00:00]} 4. Ba4 {[%emt 0:00:00]} Nf6 {[%emt 0:00:02]} 5. O-O {[%emt 0:00:14]} Be7 {[%emt 0:00:10]} 6. Re1 {[%emt 0:00:08]} b5 {[%emt 0:00:05]} 7. Bb3 {[%emt 0:00:05]} d6 {[%emt 0:00:04]} 8. c3 {[%emt 0:00:15]} O-O {[%emt 0:00:06]} 9. h3 {[%emt 0:00:13]} Na5 {[%emt 0:00:14]} 10. Bc2 {[%emt 0:00:12]} c5 {[%emt 0:00:02]} 11. d4 {[%emt 0:00:17]} Nd7 {[%emt 0:00:07]} 12. Nbd2 {[%emt 0:02:30]} exd4 {[%emt 0:00:06]} 13. cxd4 {[%emt 0:00:19]} Nc6 {[%emt 0:00:01]} 14. d5 {[%emt 0:09:38]} Nce5 {[%emt 0:00:01]} 15. a4 {[%emt 0:01:27]} Bb7 {[%emt 0:00:02]} 16. Nxe5 {[%emt 0:18:27]} Nxe5 {[%emt 0:00:03]} 17. f4 {[%emt 0:00:25]} Ng6 {[%emt 0:00:01]} 18. Nf3 {[%emt 0:00:42]} Bf6 {[%emt 0:00:03]} 19. axb5 {[%emt 0:06:48]} axb5 {[%emt 0:01:57]} 20. Rxa8 {[%emt 0:00:03]} Bxa8 {[%emt 0:05:10]} 21. b3 {[%emt 0:12:55]} Nh4 {[%emt 0:20:22]} 22. e5 {[%emt 0:19:29]} Be7 {[%emt 0:37:17]} ({Better is} 22... dxe5 $11 23. fxe5 Nxf3+ 24. gxf3 Bh4) 23. Nxh4 {[%emt 0:06:52]} Bxh4 {[%emt 0:00:16]} 24. Qd3 {[%emt 0:00:13]} g6 {[%emt 0:00:57]} 25. Rd1 {[%emt 0:00:20]} dxe5 {[%emt 0:06:13]} 26. fxe5 {[%emt 0:01:11]} Bg5 {[%emt 0:02:06]} 27. Bb2 {[%emt 0:01:20]} Qb6 {[%emt 0:03:48]} 28. Qg3 {[%emt 0:00:19]} Qd8 {[%emt 0:09:15]} 29. Qc3 {[%emt 0:02:24]} Qe7 {[%emt 0:06:15] [#]} 30. e6 $1 {[%emt 0:03:11]} f6 {[%emt 0:00:32]} 31. Qg3 {[%emt 0:00:31]} Rd8 {[%emt 0:03:43]} 32. Be4 {[%emt 0:03:10]} Qd6 {[%emt 0:03:55]} 33. Qxd6 $18 {[%emt 0:01:25]} Rxd6 {[%emt 0:00:01]} 34. Ra1 {[%emt 0:01:12]} Bxd5 {[%emt 0:02:43]} 35. Bxd5 {[%emt 0:00:16]} 1-0

[Event "22nd OIBM 2018"]
[Site "Gmund am Tegernsee"]
[Date "2018.10.30"]
[Round "4"]
[White "Tonndorf, Matthias"]
[Black "Yakimenko, Alexander A."]
[Result "0-1"]
[WhiteElo "2216"]
[BlackElo "2101"]
[Annotator "TA"]
[PlyCount "190"]
[EventDate "2018.10.27"]
[EventType "swiss"]
[EventCountry "GER"]
[SourceTitle "playchess.com"]
[Source "ChessBase"]
[SourceQuality "1"]

{[%evp 19,190,24,35,25,37,2,25,16,92,81,78,39,39,31,35,37,41,0,12,16,41,35,60,35,72,47,65,71,68,68,61,54,71,69,70,73,91,56,65,66,75,7,7,7,7,7,7,0,10,11,6,0,11,9,9,-22,-20,-22,-26,-38,-20,-59,-59,-238,-59,-59,-59,-59,-59,-59,-52,-60,-59,-121,-59,-59,0,-71,0,-142,-60,-60,-59,-60,0,-65,-67,-60,0,0,0,-67,-67,-146,-146,-146,-146,-146,-146,-146,-146,-177,-177,-177,-177,-177,-177,-177,-177,-177,-177,-177,0,-177,-177,-177,-177,-177,-177,-177,-177,-177,-177,-177,-177,-177,-113,-113,-113,-113,-113,-114,-114,-114,-114,-114,-8,-8,-8,-8,-8,-8,-8,-8,0,0,0,-8,-8,-8,-8,-8,-8,-8,-8,-8,-8,-29972,-29973,-29973,-29974,-29976,-29977,-29979,-29980,-29979,-29978,-29978,-29980,-29988,-29989,-29989,-29990]} 1. e4 e6 2. d4 d5 3. Nc3 Bb4 4. exd5 exd5 5. Bd3 Nc6 6. a3 Bxc3+ 7. bxc3 Nge7 8. Qh5 Be6 9. Rb1 Qc8 {C01: French: Exchange Variation} (9... b6 10. Nf3 Qd7 11. Ng5 O-O-O 12. O-O Bg4 13. Qxf7 h6 14. f3 Bf5 15. Bxf5 Nxf5 16. Qxd7+ Rxd7 17. Nh3 Re8 {½-½ (32) Alekseev,E (2682)-Sethuraman,S (2613) St Petersburg 2014}) 10. Ne2 Bg4 {LiveBook: 3 Games} 11. Qg5 O-O $1 {White has an edge.} 12. Ng3 $146 ({Predecessor:} 12. O-O f6 13. Qf4 Bf5 14. Qf3 b6 15. Bf4 Bxd3 16. cxd3 Qd7 17. h4 {0-1 (62) Naiditsch,E (2140)-Negele,M (2222) Dortmund 2003}) 12... h6 13. Qd2 $1 Nf5 (13... Qe6+ $11 14. Qe3 b6) 14. O-O $16 Nce7 15. h3 Nxg3 16. fxg3 Bf5 17. g4 Bxd3 18. Qxd3 c6 19. g5 h5 20. Qe2 Nf5 21. Bf4 h4 22. Qg4 b6 23. Rf3 Qe6 24. Be5 Ne7 ({But not} 24... g6 $2 25. Rxf5 $1 {[%mdl 512]} Qxf5 26. Qxh4 $18) 25. Qxh4 Ng6 26. Qg3 Nxe5 27. dxe5 Qg6 28. Rd3 Rae8 29. Re1 Re6 30. Qf4 (30. h4 $16) 30... f6 $11 31. gxf6 Rfxf6 32. exf6 Rxe1+ {[%mdl 4096] Endgame KQR-KQR} 33. Kf2 Re6 34. Qb8+ Re8 $132 {[%mdl 2048] Black has counterplay} 35. Qd6 Qxf6+ (35... Kh7 {with more complications.} 36. Qxc6 Qf5+ 37. Rf3 Qxc2+ 38. Kg1 Re2) 36. Qxf6 gxf6 {KR-KR} 37. Re3 Re5 $1 38. Kf3 Rf5+ 39. Ke2 Kf7 40. g4 Rf4 $1 41. Rf3 $2 ({White should play} 41. Kd2 $15) 41... Re4+ $2 (41... Rxf3 $1 $19 42. Kxf3 b5) 42. Kd2 $15 Kg6 43. Kc1 a5 44. Kb2 a4 45. Rf5 b5 46. Rh5 (46. Rf3 $1 $15) 46... Kg7 (46... Re8 $1 $17) 47. Rf5 Kg6 (47... Re5 $15 48. Rf3 f5 $1 {[%mdl 512]} 49. gxf5 Kf6) 48. Rf3 (48. Rh5 $1 $11) 48... Kg5 (48... Re1 $17) 49. h4+ (49. Rf5+ $11 {keeps the balance.} Kg6) 49... Kxg4 (49... Kxh4 $17 {Hoping for ...Kg5.} 50. Rxf6 Rc4) 50. Rxf6 Rc4 51. Rh6 Kf5 ({Better is} 51... Kg3 $15) 52. h5 (52. Rd6 $11) 52... Kg5 53. Rh8 Rh4 54. Rc8 Rc4 ({Reject} 54... Rxh5 $6 55. Rxc6 Kf4 56. Rb6 $16) 55. Rh8 Re4 56. h6 (56. Kc1 $15) 56... Re6 $17 57. h7 Kh6 58. Rc8 Kxh7 59. Rc7+ Kg6 60. Rc8 Kf6 61. Rc7 Ke5 62. Rc8 Kd6 63. Rd8+ Kc5 64. Rd7 Kc4 {aiming for ...Re3.} 65. Rc7 Kc5 $2 (65... Rg6 $19 66. Rh7 Rg3) 66. Rc8 $2 (66. Rd7 $1 $11 {and White stays safe.} Rh6 67. Rb7) 66... Re7 67. Rd8 Re3 68. Rc8 Re6 69. Rd8 Kc4 70. Rh8 Re3 71. Rh4+ Re4 72. Rh3 c5 (72... Rg4 $19 73. Rd3 Re4) 73. Rg3 d4 74. cxd4 Rxd4 75. Rg8 Rh4 76. Rc8 Rh3 77. Rc7 b4 (77... Re3 $17 {With the idea ...Re2.} 78. Ra7 Rf3) 78. axb4 $11 a3+ 79. Ka2 Kxb4 {White must now prevent ...Rh2.} 80. Rb7+ Kc4 81. Rc7 Rh2 82. Kxa3 Rxc2 83. Rd7 Kc3 84. Rh7 Rd2 {Black wants to play ...c4.} 85. Rc7 c4 {[%cal Bc5c4,Bc4c3,Bc3c2][%mdl 32] Strongly threatening ...Rd4.} 86. Rc8 Rd4 {And now ...Kc2 would win.} (86... Rd7 {feels hotter.} 87. Ka2 Ra7+ 88. Kb1 Rb7+ 89. Kc1 Rh7) 87. Rb8 Kc2 {...Kd2 is the strong threat.} (87... Rd7 {is more complex.} 88. Ka2 Ra7+ 89. Kb1 Rg7 90. Rh8 Rg1+) 88. Rb2+ $2 {[%mdl 8192] [#]} (88. Rh8 $11 Rd3+ 89. Ka2) 88... Kc1 $1 {Black mates.} 89. Rh2 {[#]} Rd3+ $1 90. Kb4 c3 91. Rh1+ Kb2 92. Kc4 Rg3 93. Rh8 c2 94. Rb8+ Ka2 95. Ra8+ Ra3 {Precision: White = 55%, Black = 56%.} 0-1

[Event "22nd OIBM 2018"]
[Site "Gmund am Tegernsee"]
[Date "2018.10.30"]
[Round "4"]
[White "Nagel, Bernhard"]
[Black "Pollmann, Sascha"]
[Result "1/2-1/2"]
[WhiteElo "2191"]
[BlackElo "2091"]
[Annotator "TA"]
[PlyCount "122"]
[EventDate "2018.10.27"]
[EventType "swiss"]
[EventCountry "GER"]
[SourceTitle "playchess.com"]
[Source "ChessBase"]
[SourceQuality "1"]

{[%evp 19,122,8,22,20,25,25,23,0,0,0,0,0,0,0,0,0,0,0,0,0,0,0,0,0,0,-12,-8,-49,0,-62,-45,-65,-27,-58,0,-16,0,0,21,21,16,8,22,0,10,0,14,-10,0,-7,0,0,3,0,0,-3,9,9,35,32,31,39,39,50,43,50,37,29,66,49,49,29,101,33,33,29,29,29,29,0,10,0,15,10,10,10,10,9,16,10,10,10,10,10,10,10,16,10,16,9,9,9,16,17,24]} 1. d4 e6 2. c4 f5 3. g3 Nf6 4. Nf3 g6 5. Bg2 Bg7 6. Nc3 O-O 7. Bg5 h6 8. Bxf6 Qxf6 9. O-O d6 10. e4 {A87: Dutch Defence: Leningrad System: 5 Nf3} Nc6 {[%cal Rc6d4] LiveBook: 6 Games} 11. d5 Ne5 12. Nxe5 {White has an edge.} Qxe5 13. exf5 exf5 14. Re1 Qf6 15. Nb5 Rf7 ({Don't blunder} 15... Qxb2 $2 16. Rb1 $16) 16. Re8+ Kh7 $1 {[#]} 17. Rb1 $146 ({Predecessor:} 17. Qd2 a6 {½-½ (58) Li,C (2687)-Nepomniachtchi,I (2718) St Petersburg 2012}) 17... a6 18. Na7 Rf8 19. Rxf8 Qxf8 20. Nxc8 Rxc8 21. Qb3 b6 22. Qa4 Re8 23. Qxa6 Bd4 24. c5 (24. Bf3 $11) 24... bxc5 25. Qd3 Qf6 26. b3 Re5 (26... Kg7 $15) 27. Bf3 f4 28. Kg2 fxg3 29. hxg3 Kg7 30. Rf1 Rf5 31. Qe2 Re5 32. Qc2 h5 33. Be4 Re8 34. Qd3 Ra8 35. a4 {[%cal Ba2a4,Ba4a5,Ba5a6][%mdl 32]} Rb8 36. f3 Rb4 37. Rc1 Qg5 38. f4 Qf6 39. a5 Rb8 40. a6 h4 41. Rh1 hxg3 42. Qxg3 {[#] Threatens to win with Rh5.} c4 43. Qh3 Kf8 44. Qh6+ Qg7 45. bxc4 {White wants to play Qg5.} Ra8 (45... Qxh6 $11 46. Rxh6 Ra8) 46. Qxg6 (46. Qh3 $16) 46... Rxa6 $14 47. Rh7 (47. Qxg7+ {seems wilder.} Bxg7 48. Rd1 Ra3 49. Bd3 Bc3 50. Kf3) 47... Qxg6+ 48. Bxg6 $11 {[%mdl 4096] Endgame KRB-KRB} Bg7 49. f5 {[#] And now f6! would win.} Kg8 {The position is equal.} 50. Kf3 Ra4 51. f6 Bxf6 52. Rxc7 Bd4 53. Be8 Ra8 54. Bb5 Ra7 55. Rc8+ Kg7 56. Ke4 Bg1 57. Re8 Kf7 58. Rh8 Re7+ 59. Kf5 Re5+ 60. Kf4 Be3+ 61. Kf3 Bc5 {Precision: White = 42%, Black = 51%.} 1/2-1/2

[Event "22nd OIBM 2018"]
[Site "Gmund am Tegernsee"]
[Date "2018.10.30"]
[Round "4"]
[White "Lederle, Vitus"]
[Black "Konik, Michael"]
[Result "1-0"]
[WhiteElo "2190"]
[BlackElo "2083"]
[Annotator "TA"]
[PlyCount "127"]
[EventDate "2018.10.27"]
[EventType "swiss"]
[EventCountry "GER"]
[SourceTitle "playchess.com"]
[Source "ChessBase"]
[SourceQuality "1"]

{[%evp 14,127,18,18,48,5,60,6,121,121,121,121,121,121,121,121,121,118,118,114,114,112,121,121,146,121,121,98,96,92,98,58,132,133,153,121,121,107,106,111,123,118,120,116,143,62,64,64,82,56,63,63,60,57,61,51,81,82,82,52,89,79,183,178,175,176,183,172,210,204,206,197,206,200,226,168,167,40,46,40,41,46,48,56,72,0,0,0,0,0,0,0,10,0,0,0,8,0,0,0,0,0,0,-14,-14,-14,0,-14,-14,-990,-14,-14,0,-11,0,0]} 1. e4 d5 2. exd5 Qxd5 3. Nf3 Nf6 4. d4 Bg4 5. Be2 e6 6. c4 {B01: Skandinavische Verteidigung} (6. h3 Bh5 7. c4 Bb4+ 8. Nbd2 Qd7 9. O-O Nc6 10. Nb3 Be7 11. Be3 a5 12. Ne5 Nxe5 13. dxe5 Qxd1 14. Bxd1 Bxd1 15. exf6 Bxb3 16. fxg7 {1-0 (58) Yu,Y (2759)-Ye,R (2461) Tianjin 2018}) 6... Qd7 7. O-O Nc6 8. Be3 {LiveBook: 3 Partien} Rd8 9. Qb3 Be7 (9... Bxf3 $1 $11 10. Bxf3 Nxd4 11. Qxb7 c5) 10. Nc3 ({Lieber} 10. Rd1 $14) 10... O-O $146 (10... Bxf3 $11 11. Bxf3 Nxd4 12. Bxd4 (12. Qxb7 c5 $11) 12... Qxd4) ({Vorgänger:} 10... Rb8 11. d5 exd5 12. cxd5 Na5 13. Qd1 a6 14. a3 b5 {1-0 (35) Kapp,J-Knafo,M (2152) Mondariz 2003}) 11. Ne5 $1 $16 {[%cal Re5d7]} Nxe5 12. dxe5 Bxe2 13. exf6 ({Viel schlechter ist} 13. Nxe2 $6 Ng4 $11) 13... Bxf1 14. fxe7 Qxe7 15. Rxf1 c5 16. Ne4 {[%cal Bc3e4,Be4d2,Bd2f3][%mdl 32]} b6 17. Re1 Rd7 18. Qc2 h6 19. h3 Qh4 20. Nd2 Rfd8 21. Nf3 Qf6 22. Bd2 {[%cal Be3d2,Bd2c3,Bc3e5][%mdl 32]} Rd3 (22... Qf5 $1 $14 23. Qxf5 exf5) 23. Bc3 Qf4 24. Be5 Qf5 {Und weiter mit ...Txf3 wäre nett.} 25. Qe2 Qh5 26. Bc3 Qf5 27. Ne5 {Droht g4 und aus.} R3d6 28. Kh2 h5 29. Qe3 (29. Kh1 $16) 29... f6 $14 30. Nf3 Kf7 31. h4 Rd3 32. Qe4 $1 Qxe4 33. Rxe4 Rd1 34. Re2 R1d3 35. Nd2 R8d7 36. Ne4 Rd8 37. Ng3 g6 (37... e5 $16 {ist wohl besser.}) 38. Ne4 $18 e5 {[#]} 39. f4 $1 {[%mdl 512]} exf4 40. Bxf6 R8d7 {beabsichtigt ...Te3.} 41. Bc3 $1 Re7 42. Ng5+ $1 Ke8 43. Rf2 f3 44. Rxf3 ({Keinesfalls} 44. Nxf3 $6 Re4 $16) 44... Rxf3 45. Nxf3 (45. gxf3 $18 Rd7 46. Ne4) 45... Re4 $1 $14 46. g3 Rxc4 47. Ne5 Ra4 48. a3 b5 {[#]} 49. Nxg6 (49. Nd3 $1 $16) 49... a5 $11 {[%cal Ba7a5,Ba5b4][%mdl 32]} 50. Nf4 b4 51. axb4 axb4 52. Bh8 Kf7 53. Nxh5 Ra8 54. Be5 Ke6 55. Bg7 Kf7 56. g4 c4 57. Bf6 Ra6 58. Be5 {zielt auf Sf4 ab.} Re6 59. Bh8 Rh6 60. Bd4 Rd6 61. Be3 $2 {[%mdl 8192]} (61. Be5 $11 Re6 62. Bh8) 61... Re6 $2 (61... b3 $19 62. Bf4 {[#]} c3 $1 {[%mdl 512]} 63. Bxd6 cxb2) 62. Bd4 {Die Stellung ist ausgeglichen.} Rd6 63. Bh8 Rh6 64. Bd4 {[%mdl 32768] Precision: Weiß = 48%, Schwarz = 43%. . Loss on Time!?} 1-0

[Event "22nd OIBM 2018"]
[Site "Gmund am Tegernsee"]
[Date "2018.10.30"]
[Round "4"]
[White "Schaefer, Michael"]
[Black "Oparaugo, Thomas"]
[Result "1/2-1/2"]
[WhiteElo "2185"]
[BlackElo "2052"]
[Annotator "NA"]
[PlyCount "58"]
[EventDate "2018.10.27"]
[EventType "swiss"]
[EventCountry "GER"]
[SourceTitle "playchess.com"]
[Source "ChessBase"]
[SourceQuality "1"]
[TimeControl "40/5400+30:1800+30"]

1. d4 {[%emt 0:00:00]} Nf6 {[%emt 0:05:56]} 2. Nf3 {[%emt 0:00:00]} d5 {[%emt 0:00:26]} 3. e3 {[%emt 0:00:00]} c5 {[%emt 0:02:43]} 4. Bd3 {[%emt 0:06:55]} Bg4 {[%emt 0:08:15]} 5. c3 {[%emt 0:02:09]} Nc6 {[%emt 0:00:45]} 6. Nbd2 {[%emt 0:01:05]} e6 {[%emt 0:01:16]} 7. Qa4 {[%emt 0:01:15] D05: Colle System with ...e6} c4 {[%emt 0:12:04]} 8. Bb1 {[%emt 0:10:17]} a6 {[%emt 0:07:54]} 9. Qd1 $146 {[%emt 0:19:22]} ({Predecessor:} 9. h3 b5 10. Qd1 Bh5 11. e4 Be7 12. e5 Nd7 13. Qe2 b4 14. g4 Bg6 {0-1 (22) Spelec,D (2012)-Farago,I (2491) Graz 2012}) 9... Be7 {[%emt 0:06:39]} 10. e4 {[%emt 0:04:10]} dxe4 11. Nxe4 {[%emt 0:00:36]} Qd5 {[%emt 0:03:56]} 12. Qe2 Qh5 {[%emt 0:11:38]} 13. Ng3 {[%emt 0:10:25]} Bxf3 {[%emt 0:01:01]} 14. Nxh5 {[%emt 0:00:23]} Bxe2 {[%emt 0:00:14]} 15. Nxf6+ {[%emt 0:00:34]} Bxf6 {[%emt 0:00:19]} 16. Kxe2 {[%emt 0:00:07]} O-O-O {[%emt 0:01:29]} 17. Be4 {[%emt 0:03:33]} Ne7 {[%emt 0:05:47]} 18. b3 {[%emt 0:04:54]} cxb3 {[%emt 0:07:39]} 19. axb3 {[%emt 0:00:09]} e5 {[%emt 0:00:17]} 20. dxe5 {[%emt 0:00:57]} Bxe5 {[%emt 0:00:07]} 21. Ra5 {[%emt 0:02:46]} Bc7 {[%emt 0:02:54]} 22. Rc5 {[%emt 0:03:33]} Kb8 {[%emt 0:00:44]} 23. Rd1 {[%emt 0:02:36]} Bd6 {[%emt 0:03:01]} 24. Rc4 {[%emt 0:03:38]} Rhe8 {[%emt 0:01:18]} 25. Rxd6 {[%emt 0:03:01]} Rxd6 {[%emt 0:00:18]} 26. Bf4 $14 {[%emt 0:00:08]} Nc8 {[%emt 0:03:38]} 27. Kf3 {[%emt 0:04:21]} Ka8 {[%emt 0:03:10]} 28. Bxd6 {[%emt 0:03:41]} Nxd6 {[%emt 0:00:19]} 29. Rd4 {[%emt 0:00:28]} Nxe4 {[%emt 0:01:17]} 1/2-1/2

[Event "22nd OIBM 2018"]
[Site "Gmund am Tegernsee"]
[Date "2018.10.30"]
[Round "4"]
[White "Delitzsch, Juergen"]
[Black "Wuest, Klaus"]
[Result "1-0"]
[WhiteElo "2178"]
[BlackElo "2006"]
[Annotator "ChessBase"]
[PlyCount "96"]
[EventDate "2018.10.27"]
[EventType "swiss"]
[EventCountry "GER"]
[SourceTitle "playchess.com"]
[Source "ChessBase"]
[SourceQuality "1"]
[TimeControl "40/5400+30:1800+30"]

1. d4 {[%emt 0:00:00]} Nf6 {[%emt 0:00:00]} 2. Nf3 {[%emt 0:00:00]} g6 {[%emt 0:00:00]} 3. c4 {[%emt 0:00:07]} Bg7 {[%emt 0:00:00]} 4. g3 {[%emt 0:00:47]} O-O {[%emt 0:00:40]} 5. Bg2 {[%emt 0:00:03]} d5 {[%emt 0:00:32]} 6. cxd5 {[%emt 0:00:48]} Nxd5 {[%emt 0:00:17]} 7. O-O {[%emt 0:00:49]} Nc6 {[%emt 0:08:09]} 8. e4 {[%emt 0:00:59]} Nb6 {[%emt 0:00:08]} 9. d5 {[%emt 0:00:38]} Ne5 {[%emt 0:00:43]} 10. Nxe5 {[%emt 0:00:39]} Bxe5 {[%emt 0:00:07]} 11. Nc3 {[%emt 0:00:09]} e6 {[%emt 0:00:57]} 12. Bh6 {[%emt 0:06:43]} Re8 {[%emt 0:00:58]} 13. Qb3 {[%emt 0:01:11]} exd5 {[%emt 0:08:15]} 14. exd5 {[%emt 0:00:04]} Bd7 {[%emt 0:06:10]} 15. Rad1 {[%emt 0:01:44]} a5 {[%emt 0:03:37]} 16. h4 {[%emt 0:17:46]} a4 {[%emt 0:03:03]} 17. Qc2 {[%emt 0:04:39]} Bf5 {[%emt 0:01:58]} 18. Be4 {[%emt 0:08:33]} Bxe4 19. Nxe4 Nxd5 {[%emt 0:20:40]} 20. Bg5 {[%emt 0:00:19]} Qd7 {[%emt 0:04:06]} 21. Qd2 {[%emt 0:06:29]} c6 {[%emt 0:01:24]} 22. Rfe1 {[%emt 0:11:40]} Qc7 {[%emt 0:03:48]} 23. Qc1 {[%emt 0:00:59]} Qb6 {[%emt 0:02:03]} 24. Re2 {[%emt 0:04:30]} Bg7 {[%emt 0:04:59]} 25. Rde1 {[%emt 0:01:40]} Qb4 {[%emt 0:07:05]} 26. h5 {[%emt 0:05:52]} f5 {[%emt 0:03:13]} 27. a3 {[%emt 0:11:16]} Qf8 {[%emt 0:02:47]} 28. Nc5 {[%emt 0:00:57]} Rxe2 {[%emt 0:01:04]} 29. Rxe2 {[%emt 0:00:03]} Qf7 {[%emt 0:02:02]} 30. h6 {[%emt 0:01:23]} Bf6 {[%emt 0:01:06]} 31. Bxf6 {[%emt 0:01:07]} Nxf6 {[%emt 0:00:22]} 32. Qc3 {[%emt 0:01:44]} Re8 {[%emt 0:01:58]} 33. Rxe8+ {[%emt 0:00:59]} Nxe8 {[%emt 0:00:13]} 34. Qe5 {[%emt 0:01:27]} b5 {[%emt 0:02:23]} 35. Qb8 {[%emt 0:02:57]} Qe7 {[%emt 0:01:25]} 36. Qc8 {[%emt 0:00:50]} Qxc5 {[%emt 0:01:26]} 37. Qxe8+ {[%emt 0:00:06]} Qf8 {[%emt 0:00:22]} 38. Qe6+ {[%emt 0:00:53]} Kh8 {[%emt 0:01:41]} 39. Qxc6 {[%emt 0:00:09]} Qxh6 {[%emt 0:00:30]} 40. Qxb5 {[%emt 0:04:12]} Qc1+ {[%emt 0:00:31]} 41. Kg2 {[%emt 0:31:00]} Qc2 {[%emt 0:30:23]} 42. Qb8+ {[%emt 0:03:10]} Kg7 {[%emt 0:00:18]} 43. Qe5+ {[%emt 0:00:08]} Kf7 {[%emt 0:02:11]} 44. Kg1 {[%emt 0:00:59]} Qc1+ {[%emt 0:00:48]} 45. Kh2 {[%emt 0:00:00]} Qc2 {[%emt 0:00:00]} 46. Qd4 {[%emt 0:00:00]} Kg8 {[%emt 0:00:00]} 47. Kg1 {[%emt 0:00:00]} Qc1+ {[%emt 0:00:00]} 48. Kg2 {[%emt 0:00:00]} Qc2 {[%emt 0:00:00]} 1-0

[Event "22nd OIBM 2018"]
[Site "Gmund am Tegernsee"]
[Date "2018.10.30"]
[Round "4"]
[White "Friesen, Viktor"]
[Black "Moiseenko, Alexander"]
[Result "0-1"]
[WhiteElo "2173"]
[BlackElo "2648"]
[Annotator "TA"]
[PlyCount "72"]
[EventDate "2018.10.27"]
[EventType "swiss"]
[EventCountry "GER"]
[SourceTitle "playchess.com"]
[Source "ChessBase"]
[SourceQuality "1"]

{[%evp 15,72,-22,-23,-41,-52,-49,-49,-48,-49,-52,-39,-42,-31,-46,-20,-42,-36,-42,-44,-50,-56,-63,-50,-41,-33,-62,-32,-37,-19,-27,-27,-30,-41,-68,-55,-72,-100,-99,-110,-100,-22,-91,-97,-89,-91,-95,-77,-187,-187,-492,-502,-5306,-5306,-2119,-2093,-29995,-29996,-29996,-29997]} 1. Nf3 c5 2. g3 Nc6 3. d4 cxd4 4. Nxd4 g6 5. Bg2 Bg7 6. c3 Nf6 7. O-O O-O 8. Nd2 d5 {LiveBook: 3 Games} 9. b3 $146 {A04: Unusual lines after 1 Nf3 and King's Indian Attack} ({Predecessor:} 9. N2f3 Re8 10. Bf4 Ne4 11. Nxc6 bxc6 12. Be5 f6 13. Bf4 e5 14. Bc1 Be6 15. Nd2 Nd6 16. Qc2 f5 {0-1 (30) Harshkou,M (2207)-Kovalev,V (2549) Orsha 2018}) 9... e5 10. Nxc6 bxc6 11. e4 {Black is slightly better.} Bg4 12. Qc2 Qd7 13. Re1 Rfe8 14. Ba3 Rad8 15. Bc5 h5 16. f3 Be6 17. Rad1 Qc7 18. b4 Bh6 19. Nb3 h4 20. Qf2 hxg3 (20... h3 {keeps more tension.} 21. Bh1 Rd7 22. exd5 Rxd5 23. Qe2 Rxd1 24. Rxd1 Nd5) 21. hxg3 Nd7 22. Be3 Bxe3 23. Qxe3 dxe4 24. fxe4 {[#]} c5 $1 {[%mdl 512]} 25. Rd2 (25. Nxc5 Nxc5) 25... Bxb3 26. axb3 cxb4 27. cxb4 Nf8 (27... Nf6 $17 {...Rxd2 is the strong threat.} 28. Ra2 Kg7) 28. Rd5 (28. Ra2 $11) 28... Ne6 $17 29. Rc1 {[#]} Qb8 $1 30. Rxd8 Rxd8 31. Qc3 (31. Bf1 $17) 31... Qb6+ $19 32. Kh2 $2 (32. Kh1) 32... Kg7 {( -> ...Rh8+)} 33. Bh3 (33. Qb2 $142 Nd4 34. Rf1) 33... Qf2+ 34. Kh1 Rd2 {[%csl Gd2][%cal Rf2h2]} 35. Qxe5+ Kh7 {[%csl Gd2][%cal Rf2h2]} 36. g4 Qf3+ {Precision: White = 25%, Black = 62%.} 0-1